Central Library OPAC University of Rajshahi

Environmental interaction of pesticides synergism of some insecticides by Piperonyl Butoxide (PBO) against stored grain product pest, Alphitobius diaperinus. / (Record no. 79991)

MARC details
000 -LEADER
fixed length control field 01035nam a22002417a 4500
001 - CONTROL NUMBER
RUCL Control Number 79991
003 - CONTROL NUMBER IDENTIFIER
rucl marc code BD-RjUL
005 - DATE AND TIME OF LATEST TRANSACTION
control field 20230619111237.0
008 - FIXED-LENGTH DATA ELEMENTS--GENERAL INFORMATION
fixed length control field 220619s2010 bg a|||| m||| 00| 0 eng d
035 ## - SYSTEM CONTROL NUMBER
system control number (BD-RjUL) 79991
040 ## - CATALOGING SOURCE
Original cataloging agency BD-RjUL
Language of cataloging eng
Transcribing agency BD-RjUL
Modifying agency BD-RjUL
041 ## - LANGUAGE CODE
Language code of Book eng
082 ## - DEWEY DECIMAL CLASSIFICATION NUMBER
DDC Edition number 23
Classification number 632.9517
Author mark and Year ALE 2010
100 ## - MAIN ENTRY--PERSONAL NAME
Personal name Ali, Md. Lokman
9 (RLIN) 3721
245 10 - TITLE STATEMENT
Title Environmental interaction of pesticides synergism of some insecticides by Piperonyl Butoxide (PBO) against stored grain product pest, Alphitobius diaperinus. /
Statement of responsibility, etc By Md. Lokman Ali ;
Name of Supervisor/Co-Supervisor Supervisor : A. S. M. Shafiqur Rahman
260 ## - PUBLICATION, DISTRIBUTION, ETC. (IMPRINT)
Place of publication, distribution, etc Rajshahi :
Name of publisher, distributor, etc Institute of Environmental Science (IES), University of Rajshahi,
Date of publication, distribution, etc 2010
300 ## - PHYSICAL DESCRIPTION
Pagination xvi, 156 leaves :
Other physical details ill, ;
Dimensions 29.cm.
502 ## - DISSERTATION NOTE
Dissertation note Thesis (Ph. D.) -- Institute of Environmental Science (IES), University of Rajshahi, 2010
504 ## - BIBLIOGRAPHY, ETC. NOTE
Bibliography, etc References |: Leaves 102 -136
650 ## - SUBJECT ADDED ENTRY--TOPICAL TERM
Topical term or geographic name as entry element Diseases
Form subdivision Pesticides
General subdivision Environmental
9 (RLIN) 3722
700 ## - ADDED ENTRY--SUPERVISOR/CO-SUPERVISOR NAME
Personal name Rahman, A. S. M. Shafiqur, Supervisor
9 (RLIN) 3723
942 ## - ADDED ENTRY ELEMENTS (KOHA)
Source of classification or shelving scheme Dewey Decimal Classification
Koha item type Theses
Holdings
Source of classification or shelving scheme Damaged status Not for loan Collection code Permanent Location Current Location Shelving location Date of accession Source of acquisition Total Checkouts Full call number Barcode Date last seen Copy number Thesis
Dewey Decimal Classification   Not For Loan Theses Central Library, University of Rajshahi Central Library, University of Rajshahi Documentation Section 13/11/2012 Controller of Exam. R.U   THE 632.9517 ALE 2010 D3403 19/06/2022 C-1 Theses